000 00932nam a22002657a 4500
005 20170123162306.0
010 _aB-050701
020 _c80.00
_a8187667125
035 _aB-050701
037 _bCen Lib/Ret
040 _aDPL
_bUR
082 _a841.08
_bا ر س
100 _aاراستو
_941420
245 _aبوطیقا :
_cاراستو ؛ ترجمہ جمیل جلیبی
246 _aBotiqa /
_bby Arastotle ; translated by Jameel Jalibi
260 _aدہلی
_bایجوکیشنل پبلشنگ ہاؤس
_c2001
270 _a3108, وکیل سٹریٹ کچہ پنڈت لال کوان
_bدہلی
_e110006
300 _a80p.
_c21cm(Hb)
650 _a ادب - اردو
_9110951
650 _aاردو - سوانح عمری
_9110952
650 _aLiterature -- urdu
_9110953
650 _aUrdu -- boigraphy
_9110954
700 _aجمیل جلیبی
_9828
942 _2ddc
_cUR
_h841.08
_mا ر س
999 _c106347
_d106347